| 000 | 00426cam a2200169ua 4500 | ||
|---|---|---|---|
| 020 | _c1.00 | ||
| 041 |
_amal _h |
||
| 082 |
_a894.8121 _bMAT/AZ |
||
| 100 | _aMathew, T P . | ||
| 245 |
_aAzhalinte nizhal / _cT P Mathew. _hTextual Documents |
||
| 260 |
_aKannur : _bHaji K P Ahmmed Kunji and Brothers Book Sellers , _c1955. |
||
| 300 | _a60 ; . | ||
| 365 | _a1.00 | ||
| 504 | _a | ||
| 942 | _cBK | ||
| 999 |
_c4949 _d4949 |
||